000 01003nam a2200277 a 4500
001 BRCA_5533
005 20190320205124.0
008 151112s1992----mx-a######---#000-0#spa-#
020 _a9686285652
041 _aspa
044 _amx
050 4 _aN8260
_b.B34 1992
100 1 _aBáez Macías, Eduardo
_910
245 1 0 _aLa pintura militar de México en el siglo XIX
_cEduardo Báez ; fotografía, Lourdes Grobet.
260 _aMéxico
_bSecretaría de la Defensa Nacional
_c1992
300 _a188 p.
_bil. (algunas a color)
_c34 cm.
500 _aIncluye lista de obra incluida
500 _aColección Sonia Corcuera de Mancera
504 _aBibliografía: p. 177-178
650 1 4 _aArte mexicano
_xPintura militar
_ySiglo XIX
_914124
650 1 4 _aGuerra de independencia
_eArte y guerra
_xHistoria
_y1810-1821
_zMéxico
_914125
650 1 4 _aIntervención francesa
_eArte y guerra
_xHistoria
_y1861-1867
_zMéxico
_914126
700 1 _aGrobet, Lourdes
_eil.
_95588
902 _aDSC
942 _2lcc
_cB
999 _c5227
_d5227